Zvyšovanie účinnosti kontrolnej činnosti na úseku tematických previerok záverečná práca postgraduálneho štúdia

Salvato in:
Dettagli Bibliografici
Autore principale: Molnárová, Rozália
Ente Autore: Vysoká škola ekonomická v Bratislave
Altri autori: Ralbovský, Milan
Natura: Libro
Lingua:slovacco
Pubblicazione: Bratislava 1989
Tags: Aggiungi Tag
Nessun Tag, puoi essere il primo ad aggiungerne!!

MARC

LEADER 00000nam a2200000 4500
001 c033615
005 20221215072121.4
041 0 |a slo 
044 |a SK 
245 1 0 |a Zvyšovanie účinnosti kontrolnej činnosti na úseku tematických previerok  |b záverečná práca postgraduálneho štúdia  |c Rozália Molnárová ; ved. práce Milan Ralbovský 
264 1 |a Bratislava  |c 1989 
300 |a 56 s. 
100 1 |a Molnárová, Rozália 
700 1 |a Ralbovský, Milan 
710 2 |a Vysoká škola ekonomická v Bratislave